书目信息 |
| 题名: |
纳税检查
|
|
| 作者: | 艾华 , 高艳荣 编著 | |
| 分册: | ||
| 出版信息: | 北京 中国人民大学出版社 2005 |
|
| 页数: | 324页 | |
| 开本: | 23cm | |
| 丛书名: | ||
| 单 册: | ||
| 中图分类: | F812.423 | |
| 科图分类: | ||
| 主题词: | 税收管理--中国--高等学校--教材 , 税收管理 | |
| 电子资源: | ||
| ISBN: | 7-300-06599-6 | |
| 000 | 00930nam0 2200277 450 | |
| 000 | 00944nam0 2200277 450 | |
| 000 | 00873nam0 2200253 450 | |
| 000 | 00837nam0 2200241 45 | |
| 005 | 20070724104555.45 | |
| 010 | @a7-300-06599-6@dCNY24.00 | |
| 100 | @a20070626d2005 em y0chiy0120 ea | |
| 101 | 0 | @achi |
| 102 | @aCN@b110000 | |
| 105 | @ay z 000yy | |
| 200 | 1 | @a纳税检查@ANa Shui Jian Cha@f艾华,高艳荣编著@FAi Hua, Gao Yan Rong Bian Zhu |
| 210 | @a北京@c中国人民大学出版社@d2005 | |
| 215 | @a324页@d23cm | |
| 300 | @a面向21世纪课程教材经济管理类课程教材·税收系列 | |
| 330 | @a本书分八章,内容包括纳税检查概述、会计核算资料的检查分析、增值税的检查、消费税的检查等。 | |
| 606 | 0 | @a税收管理@y中国@x高等学校@j教材 |
| 606 | 0 | @a税收管理 |
| 690 | @aF812.423@v4 | |
| 701 | 0 | @a艾华@AAi Hua@c(财税)@4编著 |
| 701 | 0 | @a高艳荣@AGao Yan Rong@4编著 |
| 801 | 0 | @aCN@bTAOJIN@c20070724 |
| 905 | @a10447@dF812.423@e44 | |
| 纳税检查/艾华,高艳荣编著.-北京:中国人民大学出版社,2005 |
| 324页;23cm |
| 面向21世纪课程教材经济管理类课程教材·税收系列 |
| ISBN 7-300-06599-6:CNY24.00 |
| 本书分八章,内容包括纳税检查概述、会计核算资料的检查分析、增值税的检查、消费税的检查等。 |
| ● |
| 相关链接 |
|
|
|
|
正题名:纳税检查
索取号:F812.423/44
 
预约/预借
| 序号 | 登录号 | 条形码 | 馆藏地/架位号 | 状态 | 备注 |
| 1 | 0824474 | 208244746 | 第一样本阅览室/ [索取号:F812.423/44] | 在馆 | |
| 2 | 0824475 | 208244755 | 第一借阅区/ [索取号:F812.423/44] | 在馆 | |
| 3 | 0824476 | 208244764 | 第一借阅区/ [索取号:F812.423/44] | 在馆 | |
| 4 | 0824477 | 208244773 | 第一借阅区/ [索取号:F812.423/44] | 在馆 | |
| 5 | 0824478 | 208244782 | 第一借阅区/ [索取号:F812.423/44] | 在馆 | |
| 6 | 0824479 | 208244791 | 密集书库/ [索取号:F812.423/44] | 在馆 | |
| 7 | 0824480 | 208244808 | 密集书库/ [索取号:F812.423/44] | 在馆 | |
| 8 | 0824481 | 208244817 | 第一借阅区/ [索取号:F812.423/44] | 在馆 |